Határmenti gazdasági kapcsolatok alakulása Magyar- jugoszláv tanácskozás Szegeden

Elmentve itt :
Bibliográfiai részletek
Dokumentumtípus: Cikk
Megjelent: 1979-10-28
Sorozat:Délmagyarország 69 No. 253
Kulcsszavak:ipari tanácskozások, baráti kapcsolatok
Online Access:http://dmarchiv.bibl.u-szeged.hu/107512
LEADER 00490nab a2200145 i 4500
001 delm107512
005 20190522080336.0
008 190522s1979 hu o 0|| hun d
040 |a SZTE Délmagyarország Archívum  |b hun 
041 |a hun 
245 0 0 |a Határmenti gazdasági kapcsolatok alakulása   |h [elektronikus dokumentum] :  |b Magyar- jugoszláv tanácskozás Szegeden 
260 |c 1979-10-28 
300 |a 1 
490 0 |a Délmagyarország  |v 69 No. 253 
695 |a ipari tanácskozások, baráti kapcsolatok